[Event "Pere Noel"]
[Site "Montreal CAN"]
[Date "2006.12.29"]
[Round "4"]
[White "Luksza, Arkadiusz"]
[Black "Arsenault, Nicolas"]
[Result "1-0"]
[WhiteElo "2211"]
[BlackElo "2214"]
[PlyCount "41"]
[EventDate "2006.12.26"]
[EventType "swiss"]
[EventRounds "5"]
[EventCountry "CAN"]

1. Nf3 Nf6 2. c4 e6 3. g3 a6 4. Bg2 b5 5. O-O bxc4 6. Ne5 d5 7. Nxc4 Be7 8. Ne5
O-O 9. d4 c5 10. dxc5 Bxc5 11. Nd2 Bb7 12. Nb3 Be7 13. Bd2 Nc6 14. Nd3 e5 15.
Ndc5 Bc8 16. Rc1 h6 17. Be3 Bf5 18. Na4 Rc8 19. Nb6 Rc7 20. Nxd5 Nxd5 21. Qxd5
1-0

[Event "Pere Noel"]
[Site "Montreal CAN"]
[Date "2006.12.29"]
[Round "4"]
[White "Robichaud, Louis"]
[Black "Masse, Hugues"]
[Result "0-1"]
[WhiteElo "2197"]
[BlackElo "2208"]
[PlyCount "88"]
[EventDate "2006.12.26"]
[EventType "swiss"]
[EventRounds "5"]
[EventCountry "CAN"]

1. e4 c5 2. Nc3 d6 3. g3 Nc6 4. Bg2 g6 5. d3 Bg7 6. f4 e6 7. Nf3 Nge7 8. O-O
O-O 9. Be3 b6 10. d4 d5 11. exd5 Nf5 12. Bf2 Ncxd4 13. Ne5 exd5 14. Nxd5 Be6
15. c4 Rc8 16. Re1 Qd6 17. h3 Nc6 18. g4 Nfd4 19. Bg3 Kh8 20. Kh2 f5 21. Rc1
Rfe8 22. Nxc6 Nxc6 23. Rc2 Nd4 24. Rc3 b5 25. b3 Bxd5 26. Bxd5 bxc4 27. bxc4
fxg4 28. hxg4 Qa6 29. a3 Ne2 30. Rf3 Nc3 31. Qd3 Qxa3 32. Rxe8+ Rxe8 33. Re3
Qa4 34. Be1 Nxd5 35. Rxe8+ Qxe8 36. Qxd5 Qe2+ 37. Qg2 Qxg2+ 38. Kxg2 Kg8 39.
Bf2 Bf8 40. Be1 Kf7 41. g5 Ke6 42. Kf3 Kf5 43. Bc3 Bd6 44. Bd2 a6 0-1

[Event "Pere Noel"]
[Site "Montreal CAN"]
[Date "2006.12.29"]
[Round "4"]
[White "Voskanyan, Vahagn"]
[Black "Forget, Luc"]
[Result "1-0"]
[WhiteElo "2326"]
[BlackElo "1956"]
[PlyCount "44"]
[EventDate "2006.12.26"]
[EventType "swiss"]
[EventRounds "5"]
[EventCountry "CAN"]

1. e4 e6 2. d4 d5 3. Nc3 dxe4 4. Nxe4 Nd7 5. Nf3 Ngf6 6. Nxf6+ Nxf6 7. Bg5 a6
8. Bd3 Be7 9. O-O O-O 10. Qe2 c5 11. dxc5 Qa5 12. Rad1 Qxc5 13. Rfe1 h6 14. Bh4
Ra7 15. Ne5 b5 16. b4 Qb6 17. a3 Kh8 18. c4 bxc4 19. Nxc4 Qc6 20. Ne5 Qe8 21.
Bb1 Qb5 22. Qc2 g6 1-0

[Event "Pere Noel"]
[Site "Montreal CAN"]
[Date "2006.12.30"]
[Round "5"]
[White "Luksza, Arkadiusz"]
[Black "Larochelle, Martial"]
[Result "1-0"]
[WhiteElo "2211"]
[BlackElo "2177"]
[PlyCount "125"]
[EventDate "2006.12.26"]
[EventType "swiss"]
[EventRounds "5"]
[EventCountry "CAN"]

1. Nf3 d6 2. d4 Nf6 3. c4 g6 4. Nc3 Bg7 5. e4 O-O 6. Be2 e5 7. O-O Nc6 8. d5
Ne7 9. Ne1 Nd7 10. Be3 f5 11. f3 f4 12. Bf2 h5 13. a4 g5 14. a5 a6 15. b4 Ng6
16. c5 Nf6 17. cxd6 cxd6 18. Na4 g4 19. Nb6 Rb8 20. Nxc8 Qxc8 21. Rc1 Qd7 22.
Qd3 g3 23. hxg3 fxg3 24. Bxg3 Bh6 25. Rc3 h4 26. Bh2 Nh5 27. f4 Nhxf4 28. Bxf4
Nxf4 29. Qd1 Qg7 30. Bg4 Kh8 31. Bf5 Rg8 32. Qc2 Qg5 33. Rc7 Rg7 34. Rxg7 Qxg7
35. Rf3 Nh5 36. Rc3 Ng3 37. Rc8+ Rxc8 38. Qxc8+ Qf8 39. Qxf8+ Bxf8 40. Bc8 Nxe4
41. Bxb7 Nc3 42. Nc2 Bh6 43. Kf2 Bd2 44. Bc6 Kg7 45. b5 Ne4+ 46. Kf3 Nc5 47.
bxa6 Nxa6 48. Bb7 Nc7 49. a6 Nb5 50. Na3 Na7 51. Nc4 Bb4 52. Kg4 Kf6 53. Nb6
Be1 54. Nc4 Ke7 55. Ne3 Kf6 56. Nf5 Bb4 57. Nxh4 Bc5 58. Nf5 Nb5 59. Ng3 Nc3
60. Kf3 Kg5 61. Bc8 Kg6 62. Ne4 Bd4 63. Nxc3 1-0

[Event "Pere Noel"]
[Site "Montreal CAN"]
[Date "2006.12.30"]
[Round "5"]
[White "Masse, Hugues"]
[Black "Fareh, Youness"]
[Result "1/2-1/2"]
[WhiteElo "2208"]
[BlackElo "2161"]
[PlyCount "98"]
[EventDate "2006.12.26"]
[EventType "swiss"]
[EventRounds "5"]
[EventCountry "CAN"]

1. d4 Nf6 2. c4 g6 3. Nc3 Bg7 4. e4 d6 5. Nf3 O-O 6. Be2 e5 7. Be3 exd4 8. Nxd4
Re8 9. f3 Nc6 10. O-O Nh5 11. Qd2 Nf4 12. Rfd1 Nxe2+ 13. Ncxe2 a6 14. Rac1 Bd7
15. Nc3 Ne5 16. b3 Be6 17. Nd5 Qd7 18. Bg5 Bxd5 19. cxd5 Rac8 20. Kh1 f6 21.
Bh4 Nf7 22. Rc2 Nd8 23. Bg3 Bf8 24. Qd3 c5 25. dxc6 Nxc6 26. Nxc6 Rxc6 27. Rxc6
Qxc6 28. Bf4 Rc8 29. h3 Qb5 30. Qxb5 axb5 31. Rd5 Rc5 32. Kg1 Kf7 33. Be3 Rxd5
34. exd5 f5 35. Kf2 Bg7 36. Ke2 Bb2 37. Bg5 Bf6 38. Be3 Bb2 39. Bg5 Bf6 40. Bc1
Ba1 41. Ba3 Be5 42. Ke3 g5 43. Bb4 Kf6 44. Kd3 h5 45. g4 hxg4 46. hxg4 Bf4 47.
Bc3+ Be5 48. Bb4 Bf4 49. Bc3+ Be5 1/2-1/2

[Event "Pere Noel U1600"]
[Site "Montreal CAN"]
[Date "2006.12.28"]
[Round "2"]
[White "Brichko, Mike"]
[Black "Girard, Jonathan"]
[Result "0-1"]
[WhiteElo "1105"]
[BlackElo "1532"]
[PlyCount "93"]
[EventDate "2006.12.26"]
[EventType "swiss"]
[EventRounds "5"]
[EventCountry "CAN"]

1. e4 d5 2. exd5 Qxd5 3. Nc3 Qa5 4. Nf3 Bg4 5. h3 Bh5 6. d4 c6 7. Be2 Qc7 8.
Be3 e6 9. Qd2 Nf6 10. g4 Bg6 11. Ne5 Bd6 12. O-O-O Nbd7 13. Nxg6 hxg6 14. Bf3
O-O-O 15. h4 Nb6 16. Bg5 Kb8 17. h5 gxh5 18. gxh5 Rde8 19. h6 Nc4 20. Qd3 Bf4+
21. Bxf4 Qxf4+ 22. Kb1 Rxh6 23. Ne2 Qf5 24. Qxf5 exf5 25. b3 Rxh1 26. Bxh1 Rxe2
27. bxc4 Ne4 28. Bxe4 fxe4 29. d5 cxd5 30. cxd5 Rxf2 31. d6 Kc8 32. c4 Kd7 33.
c5 Rf5 34. Rc1 g5 35. a4 a6 36. Kb2 Rf3 37. Rc3 Rxc3 38. Kxc3 f5 39. Kb4 g4 40.
Ka5 g3 41. Kb6 g2 42. Kxb7 g1=Q 43. c6+ Kxd6 44. c7 Qg7 45. Kxa6 Qxc7 46. a5
Qc6+ 47. Ka7 0-1

[Event "Pere Noel U1600"]
[Site "Montreal CAN"]
[Date "2006.12.28"]
[Round "3"]
[White "Bergeron, Andre"]
[Black "Cote, Philippe"]
[Result "1/2-1/2"]
[WhiteElo "1554"]
[BlackElo "1441"]
[PlyCount "115"]
[EventDate "2006.12.26"]
[EventType "swiss"]
[EventRounds "5"]
[EventCountry "CAN"]

1. d4 Nf6 2. c4 g6 3. Nc3 Bg7 4. e4 d6 5. f3 O-O 6. Be3 c5 7. d5 Nbd7 8. Nh3 a6
9. Qd2 Rb8 10. Be2 Qa5 11. Bh6 b5 12. Bxg7 Kxg7 13. cxb5 axb5 14. Bxb5 Rxb5 15.
Nxb5 Qxb5 16. Nf2 Ba6 17. a4 Qb6 18. f4 Rb8 19. O-O-O c4 20. Qd4 Nc5 21. Kb1
Qb3 22. Rc1 Nxa4 23. Nd1 c3 24. Rc2 Bc4 25. Kc1 cxb2+ 26. Nxb2 Nxb2 27. e5 dxe5
28. fxe5 Nxd5 29. Rxb2 Qxb2+ 30. Qxb2 Rxb2 31. Kxb2 e6 32. Re1 Bd3 33. Kb3 g5
34. Rd1 Bc2+ 35. Kxc2 Ne3+ 36. Kd2 Nxd1 37. Kxd1 h5 38. Ke2 Kg6 39. Ke3 Kf5 40.
Kd4 g4 41. g3 Kg5 42. Ke3 f6 43. Kd4 Kf5 44. exf6 Kxf6 45. Ke4 e5 46. Ke3 Ke6
47. Ke4 Kd6 48. Ke3 Kd5 49. Kd3 e4+ 50. Kc3 Ke5 51. Kc4 h4 52. gxh4 Kf4 53. h5
e3 54. h6 e2 55. h7 e1=Q 56. h8=Q Qe2+ 57. Kd5 Qb5+ 58. Kd6 1/2-1/2

[Event "Pere Noel U1600"]
[Site "Montreal CAN"]
[Date "2006.12.28"]
[Round "3"]
[White "Landry, Martin"]
[Black "Grandmaison, Real"]
[Result "1-0"]
[WhiteElo "1542"]
[BlackElo "1462"]
[PlyCount "107"]
[EventDate "2006.12.26"]
[EventType "swiss"]
[EventRounds "5"]
[EventCountry "CAN"]

1. d4 Nf6 2. c4 e6 3. Nc3 Be7 4. e4 O-O 5. g3 d6 6. Bg2 c6 7. Nge2 d5 8. e5 Ne8
9. cxd5 cxd5 10. O-O Nc6 11. Be3 f5 12. f4 h6 13. Qd2 Rf7 14. Kh1 g5 15. Rad1
g4 16. Nc1 h5 17. Kg1 h4 18. Nd3 h3 19. Bh1 b6 20. Rfe1 Nc7 21. Nf2 Rg7 22. Qe2
Ba6 23. Qc2 Na5 24. Bc1 Rc8 25. b3 Nb5 26. Re3 Bb4 27. Bb2 Rgc7 28. Nxg4 Nxc3
29. Nf6+ Kf7 30. Bxc3 Rxc3 31. Rxc3 Rxc3 32. Qb1 Bb7 33. g4 Kg6 34. gxf5+ exf5
35. Kf2 Be7 36. Rg1+ Kf7 37. Rg8 Qc7 38. Rg7+ Ke6 39. Rg6 Rc2+ 40. Kg3 Qc3+ 41.
Kh4 Bxf6+ 42. Rxf6+ Ke7 43. Qg1 Bc6 44. Qg7+ Kd8 45. Qf8+ Kc7 46. Rf7+ Bd7 47.
Qd6+ Kb7 48. Qxd7+ Ka6 49. Qxa7+ Kb5 50. a4+ Kb4 51. Qxb6+ Ka3 52. Bxd5 Rxh2
53. Qc5+ Qxc5 54. dxc5 1-0

[Event "Pere Noel U1600"]
[Site "Montreal CAN"]
[Date "2006.12.29"]
[Round "4"]
[White "Bergeron, Andre"]
[Black "Girard, Jonathan"]
[Result "1-0"]
[WhiteElo "1554"]
[BlackElo "1532"]
[PlyCount "73"]
[EventDate "2006.12.26"]
[EventType "swiss"]
[EventRounds "5"]
[EventCountry "CAN"]

1. d4 Nf6 2. c4 g6 3. Nc3 d5 4. cxd5 Nxd5 5. e4 Nxc3 6. bxc3 Bg7 7. Be3 c5 8.
Qd2 Nc6 9. d5 Qa5 10. Rc1 Ne5 11. c4 Qxd2+ 12. Bxd2 O-O 13. f4 Nd7 14. Nf3 b5
15. cxb5 a6 16. Rc2 Nf6 17. Bd3 c4 18. Rxc4 axb5 19. Rc2 Ra4 20. O-O Nxe4 21.
Bxb5 Nxd2 22. Bxa4 Nxf1 23. Kxf1 Ba6+ 24. Kf2 Rd8 25. Bc6 Rb8 26. Ne5 f6 27.
Nd7 Rd8 28. Rb2 Kf7 29. a4 f5 30. Ne5+ Bxe5 31. fxe5 Bc4 32. Rd2 Rb8 33. d6
exd6 34. exd6 Ke6 35. a5 Rd8 36. d7 Ba6 37. Rd1 1-0

[Event "Pere Noel U1600"]
[Site "Montreal CAN"]
[Date "2006.12.29"]
[Round "4"]
[White "Maharisoa, Tantely"]
[Black "Varfalvy, Peter"]
[Result "1-0"]
[WhiteElo "1575"]
[BlackElo "1310"]
[PlyCount "101"]
[EventDate "2006.12.26"]
[EventType "swiss"]
[EventRounds "5"]
[EventCountry "CAN"]

1. d4 d5 2. c4 c6 3. e3 a6 4. Nc3 Nf6 5. Bd3 dxc4 6. Bxc4 e6 7. Nf3 Be7 8. O-O
O-O 9. e4 b5 10. Bd3 h6 11. e5 Nd5 12. Ne4 f6 13. h3 f5 14. Ng3 Nb4 15. Bb1 c5
16. Nh2 Qxd4 17. Qh5 Qxe5 18. Ng4 g6 19. Qxg6+ Qg7 20. Nxh6+ Kh8 21. Qh5 Qh7
22. Qf3 N8c6 23. Nh5 Nd5 24. Rd1 Nd4 25. Rxd4 cxd4 26. Qg3 f4 27. Nxf4 Nxf4 28.
Bxf4 Qg7 29. Ng4 Rxf4 30. Qxf4 Bb7 31. Bd3 Rf8 32. Qh6+ Qxh6 33. Nxh6 Kg7 34.
Ng4 Bd6 35. Re1 Re8 36. a3 Bc6 37. g3 e5 38. Be4 Bxe4 39. Rxe4 Re7 40. Kf1 Kg6
41. Ke2 Kf5 42. Kd3 Rh7 43. h4 Rg7 44. Nh2 Rf7 45. Nf3 Rg7 46. Ng5 Rc7 47. g4+
Kf6 48. Nf3 Re7 49. h5 Re6 50. g5+ Kg7 51. Nxd4 1-0

[Event "Pere Noel U1600"]
[Site "Montreal CAN"]
[Date "2006.12.30"]
[Round "5"]
[White "Girard, Jonathan"]
[Black "Cote, Philippe"]
[Result "1-0"]
[WhiteElo "1532"]
[BlackElo "1441"]
[PlyCount "57"]
[EventDate "2006.12.26"]
[EventType "swiss"]
[EventRounds "5"]
[EventCountry "CAN"]

1. c4 g6 2. g3 Bg7 3. Bg2 d6 4. Nc3 Nc6 5. e3 e5 6. b3 Nge7 7. Nge2 O-O 8. O-O
f5 9. Bb2 g5 10. f4 gxf4 11. gxf4 Ng6 12. Bd5+ Kh8 13. Kh1 Nb4 14. d3 e4 15.
dxe4 c6 16. exf5 Bxf5 17. Bg2 Nh4 18. Rg1 Nxg2 19. Rxg2 Nc2 20. Rxg7 Kxg7 21.
Ne4+ Kh6 22. Qxc2 d5 23. N2g3 Bg6 24. Rd1 Qe7 25. cxd5 cxd5 26. Rxd5 Rac8 27.
Qg2 Qe6 28. Rh5+ Bxh5 29. Nf5+ 1-0

[Event "Pere Noel U2000"]
[Site "Montreal CAN"]
[Date "2006.12.27"]
[Round "2"]
[White "Petit, Raymond"]
[Black "Pregent, Daniel"]
[Result "0-1"]
[WhiteElo "1861"]
[BlackElo "1769"]
[PlyCount "86"]
[EventDate "2006.12.26"]
[EventType "swiss"]
[EventRounds "5"]
[EventCountry "CAN"]

1. d4 Nf6 2. c4 e6 3. Nc3 Bb4 4. Bg5 h6 5. Bh4 d5 6. e3 O-O 7. Nf3 c6 8. Bd3
Nbd7 9. O-O Qa5 10. Qc2 dxc4 11. Bxc4 Qh5 12. Bg3 c5 13. Nb5 a6 14. Nd6 cxd4
15. exd4 Nb6 16. Bb3 Nbd5 17. Nxc8 Raxc8 18. Qd3 Ba5 19. Rac1 Rxc1 20. Rxc1 Rd8
21. a3 Bb6 22. Ne5 Qg5 23. Re1 Nf4 24. Qf3 N4d5 25. Rd1 Qh5 26. Qxh5 Nxh5 27.
Nc4 Ba7 28. Na5 Nxg3 29. hxg3 Nf6 30. Rd3 Bb6 31. Nc4 Bxd4 32. Kf1 Kf8 33. Ke2
Ke7 34. Na5 Bxb2 35. Nxb7 Rxd3 36. Kxd3 Bxa3 37. Bc4 Bb4 38. Bxa6 Nd5 39. Kc4
Be1 40. Nc5 Bxf2 41. Ne4 Be1 42. Kd3 Bxg3 43. Nxg3 Nb4+ 0-1

[Event "Pere Noel U2000"]
[Site "Montreal CAN"]
[Date "2006.12.28"]
[Round "3"]
[White "Lopez Linares, Lizandro"]
[Black "Perreault, Jacques"]
[Result "1-0"]
[WhiteElo "1846"]
[BlackElo "1578"]
[PlyCount "75"]
[EventDate "2006.12.26"]
[EventType "swiss"]
[EventRounds "5"]
[EventCountry "CAN"]

1. d4 Nf6 2. Nf3 e6 3. Bg5 h6 4. Bh4 c5 5. e3 Nc6 6. c3 g5 7. Bg3 Ne4 8. Nbd2
Nxg3 9. hxg3 Rb8 10. Bd3 b5 11. dxc5 g4 12. Nh4 Ne5 13. Ne4 b4 14. Be2 bxc3 15.
bxc3 Qa5 16. O-O Bxc5 17. Nf6+ Ke7 18. Nxg4 Nxg4 19. Bxg4 Rb2 20. Bh5 Bb7 21.
Qg4 Qxc3 22. Rac1 Rc2 23. Rxc2 Qxc2 24. Qg7 Rh7 25. Qg8 Qe4 26. Rd1 Bd6 27. Rd4
Be5 28. Rxe4 Bxe4 29. Ng6+ Kf6 30. Qxh7 fxg6 31. Qxh6 d5 32. Qf8+ Kg5 33. Be2
Bxg3 34. f4+ Bxf4 35. Qe7+ Kf5 36. g4+ Ke5 37. Qc7+ Kf6 38. Qxf4+ 1-0

[Event "Pere Noel U2000"]
[Site "Montreal CAN"]
[Date "2006.12.28"]
[Round "3"]
[White "Ouellet-Leveille, Clement"]
[Black "Blais, Richard"]
[Result "0-1"]
[WhiteElo "1893"]
[BlackElo "1901"]
[PlyCount "76"]
[EventDate "2006.12.26"]
[EventType "swiss"]
[EventRounds "5"]
[EventCountry "CAN"]

1. e4 e5 2. Nf3 Nc6 3. Bc4 Bc5 4. c3 Nf6 5. d3 O-O 6. b4 Bd6 7. O-O a6 8. a4
Ne7 9. Nh4 Nc6 10. Qf3 Be7 11. Nf5 d6 12. g4 Be6 13. Kh1 d5 14. Nxe7+ Nxe7 15.
g5 dxe4 16. Qg2 Nfd5 17. Qxe4 Qd6 18. f3 Bf5 19. Qe2 Nb6 20. Rd1 Nxc4 21. dxc4
Qg6 22. Ba3 Rfe8 23. Nd2 Qxg5 24. Ne4 Bxe4 25. fxe4 Ng6 26. Rg1 Qf6 27. Raf1
Qe6 28. Bc1 Rad8 29. Rf5 Rd7 30. Qg4 Qxc4 31. h4 h5 32. Rxh5 Rd3 33. Rf5 Qxc3
34. h5 Rh3+ 35. Kg2 Nh4+ 36. Kf2 Nxf5 37. exf5 Qc2+ 38. Qe2 Rh2+ 0-1

[Event "Pere Noel U2000"]
[Site "Montreal CAN"]
[Date "2006.12.30"]
[Round "5"]
[White "Samson, Gaetan"]
[Black "Lopez Linares, Lizandro"]
[Result "1/2-1/2"]
[WhiteElo "1823"]
[BlackElo "1846"]
[PlyCount "71"]
[EventDate "2006.12.26"]
[EventType "swiss"]
[EventRounds "5"]
[EventCountry "CAN"]

1. e4 c6 2. d4 d5 3. e5 Bf5 4. Bd3 Bxd3 5. Qxd3 e6 6. Ne2 Qa5+ 7. c3 Qa6 8. Qc2
c5 9. O-O Nc6 10. f4 Nh6 11. Be3 cxd4 12. Nxd4 Bc5 13. Nf5 Bxe3+ 14. Nxe3 Qb6
15. Qf2 O-O 16. g4 d4 17. cxd4 Nxd4 18. Nc3 Rad8 19. g5 Nhf5 20. Nxf5 exf5 21.
Rad1 f6 22. exf6 gxf6 23. Kh1 fxg5 24. fxg5 Qc6+ 25. Qg2 Rf7 26. Rf4 Rfd7 27.
Qxc6 bxc6 28. b4 Kf7 29. Ne4 Kg6 30. Nf6 Rd6 31. h4 Ne6 32. Rxd6 Rxd6 33. Rc4
h6 34. Ne8 Rd8 35. Nc7 Rd6 36. Ne8 1/2-1/2

[Event "Pere Noel U2000"]
[Site "Montreal CAN"]
[Date "2006.12.30"]
[Round "5"]
[White "Vassileva, Svetla"]
[Black "Petit, Raymond"]
[Result "1-0"]
[WhiteElo "1602"]
[BlackElo "1861"]
[PlyCount "69"]
[EventDate "2006.12.26"]
[EventType "swiss"]
[EventRounds "5"]
[EventCountry "CAN"]

1. e4 e6 2. d4 d5 3. exd5 exd5 4. Bd3 Bd6 5. Nf3 Bg4 6. O-O Ne7 7. Re1 Nbc6 8.
c3 Qd7 9. Qc2 Bxf3 10. gxf3 Qh3 11. f4 Qg4+ 12. Kh1 Bxf4 13. Nd2 O-O-O 14. a4
Rd6 15. Be2 Qh4 16. Nf3 Qh6 17. b4 Bxc1 18. Raxc1 Qf6 19. Ne5 Kb8 20. Bg4 h5
21. Nd7+ Rxd7 22. Bxd7 Qf3+ 23. Kg1 Rh6 24. Re3 Qf4 25. Rce1 Rg6+ 26. Rg3 Rxg3+
27. fxg3 Qd6 28. Bh3 Nd8 29. Qe2 Nec6 30. Qxh5 a6 31. b5 axb5 32. axb5 Ne7 33.
Qe5 Qxe5 34. Rxe5 Ne6 35. Bxe6 1-0

[Event "Pere Noel U2000"]
[Site "Montreal CAN"]
[Date "2006.12.30"]
[Round "5"]
[White "Villeneuve, Benoit"]
[Black "Gunapalan, David"]
[Result "1/2-1/2"]
[WhiteElo "1824"]
[BlackElo "1902"]
[PlyCount "73"]
[EventDate "2006.12.26"]
[EventType "swiss"]
[EventRounds "5"]
[EventCountry "CAN"]

1. e4 c5 2. Nf3 d6 3. d4 cxd4 4. Nxd4 Nf6 5. Nc3 g6 6. Be2 Bg7 7. Be3 O-O 8.
O-O Nc6 9. Nb3 Ne5 10. f3 Be6 11. Nd2 a6 12. Kh1 Rc8 13. f4 Nc4 14. Nxc4 Bxc4
15. Bd4 b5 16. Bxc4 Rxc4 17. Qd3 Nxe4 18. Bxg7 Nc5 19. Qe3 Kxg7 20. b3 Rxc3 21.
Qxc3+ Kg8 22. f5 Qb6 23. Qe3 Qb7 24. Rae1 Re8 25. h4 Nd7 26. fxg6 hxg6 27. h5
Ne5 28. hxg6 Nxg6 29. Qh6 Rc8 30. Re2 Rc3 31. Ref2 Rg3 32. Qh2 Rg4 33. Rf3 Qe4
34. Kg1 e5 35. Rg3 Rh4 36. Rh3 Rg4 37. Rg3 1/2-1/2

[Event "Planas mem"]
[Site "Kelowna CAN"]
[Date "2006.08.12"]
[Round "1"]
[White "Friesen, Abe"]
[Black "Chan, James"]
[Result "0-1"]
[WhiteElo "1654"]
[BlackElo "2017"]
[PlyCount "160"]
[EventDate "2006.08.12"]
[EventType "swiss"]
[EventRounds "5"]
[EventCountry "CAN"]
[Source "ChessBase"]
[SourceDate "2007.11.25"]

1. e4 e5 2. Nf3 Nc6 3. Bb5 a6 4. Ba4 d6 5. O-O f5 6. d3 Nf6 7. Re1 Be7 8. c3
O-O 9. Nbd2 Kh8 10. h3 Qe8 11. d4 b5 12. Bc2 f4 13. a4 Rb8 14. axb5 axb5 15. b4
g5 16. dxe5 dxe5 17. Bb3 g4 18. hxg4 Bxg4 19. Qc2 Qh5 20. Nh2 Rb6 21. Nhf3 Bxf3
22. Nxf3 Ng4 23. Kf1 Qh1+ 24. Ng1 Nh2+ 25. Ke2 Qxg2 26. Bb2 Rd8 27. Bd5 Ng4 28.
Kd1 Bf6 29. Qe2 Ne7 30. Qf3 Qxf3+ 31. Nxf3 c6 32. Rg1 cxd5 33. exd5 Nxf2+ 34.
Ke2 Ne4 35. c4 Ng3+ 36. Kf2 bxc4 37. Bxe5 Rxd5 38. Ra8+ Ng8 39. Bxf4 Ne4+ 40.
Ke3 Rd8 41. Rxd8 Bxd8 42. Kxe4 Nf6+ 43. Kd4 Rxb4 44. Ne5 Rb7 45. Kxc4 h5 46.
Ng6+ Kg7 47. Be5 Kf7 48. Nf4 Ng4 49. Bd4 Rc7+ 50. Kb5 Rd7 51. Kc4 Rxd4+ 52.
Kxd4 Bb6+ 53. Kc3 Bxg1 54. Nxh5 Bh2 55. Kd4 Kg6 56. Nf4+ Bxf4 57. Ke4 Kg5 58.
Kd5 Kf5 59. Kd4 Be5+ 60. Kd5 Ne3+ 61. Kc5 Ke6 62. Kc6 Nc4 63. Kb5 Kd5 64. Kb4
Ne3 65. Kb5 Bd6 66. Ka4 Kc5 67. Kb3 Be5 68. Ka4 Bc3 69. Kb3 Bd2 70. Ka4 Kc4 71.
Ka3 Kb5 72. Kb3 Be1 73. Kb2 Kb4 74. Kc1 Kb3 75. Kb1 Bd2 76. Ka1 Bc1 77. Kb1 Ba3
78. Ka1 Nd5 79. Kb1 Nc3+ 80. Ka1 Bb2# 0-1

[Event "Planas mem"]
[Site "Kelowna CAN"]
[Date "2006.08.12"]
[Round "1"]
[White "Moore, David"]
[Black "Steinke, Wally"]
[Result "1-0"]
[WhiteElo "2024"]
[BlackElo "1710"]
[PlyCount "35"]
[EventDate "2006.08.12"]
[EventType "swiss"]
[EventRounds "5"]
[EventCountry "CAN"]
[Source "ChessBase"]
[SourceDate "2007.11.25"]

1. Nf3 c5 2. e4 g6 3. Bc4 Nc6 4. O-O Bg7 5. c3 Nf6 6. e5 Ng4 7. d4 d5 8. Be2
Qc7 9. Bf4 b6 10. Qd2 e6 11. h3 Ngxe5 12. dxe5 Nxe5 13. Bb5+ Kf8 14. Nxe5 Bxe5
15. Bxe5 Qxe5 16. Re1 Qg7 17. Qxd5 exd5 18. Re8# 1-0

[Event "Planas mem"]
[Site "Kelowna CAN"]
[Date "2006.08.12"]
[Round "1"]
[White "Paulson, Stewart"]
[Black "Long, Hugh"]
[Result "0-1"]
[WhiteElo "1560"]
[BlackElo "1728"]
[PlyCount "82"]
[EventDate "2006.08.12"]
[EventType "swiss"]
[EventRounds "5"]
[EventCountry "CAN"]
[Source "ChessBase"]
[SourceDate "2007.11.25"]

1. d4 Nf6 2. Nf3 d5 3. Bg5 e6 4. e3 Be7 5. c3 Nbd7 6. Nbd2 h6 7. Bh4 g5 8. Bg3
Nh5 9. Ng1 Nxg3 10. hxg3 Nf6 11. Bd3 Bd7 12. Ngf3 Ng4 13. Ne5 Nxe5 14. dxe5 c5
15. Qh5 Qc7 16. Nf3 O-O-O 17. O-O Rdf8 18. g4 f6 19. Qh2 fxe5 20. e4 Rf4 21.
Rfe1 Bd6 22. Nxg5 Rg8 23. Nf3 Rgxg4 24. Qxh6 Rxf3 25. Be2 Rff4 26. Bxg4 Rxg4
27. f3 Rg8 28. a4 c4 29. a5 Bc5+ 30. Kf1 a6 31. exd5 exd5 32. Red1 d4 33. Qh7
Qd8 34. Qh2 Qg5 35. cxd4 exd4 36. f4 Qg4 37. Rd2 c3 38. bxc3 dxc3 39. Rxd7 Qxd7
40. Qh3 Qxh3 41. gxh3 Rg1+ 0-1

[Event "Planas mem"]
[Site "Kelowna CAN"]
[Date "2006.08.12"]
[Round "1"]
[White "Rice, Grant"]
[Black "Lee, Mau Seng"]
[Result "0-1"]
[WhiteElo "1649"]
[BlackElo "1830"]
[PlyCount "70"]
[EventDate "2006.08.12"]
[EventType "swiss"]
[EventRounds "5"]
[EventCountry "CAN"]
[Source "ChessBase"]
[SourceDate "2007.11.25"]

1. e4 c5 2. Nf3 d6 3. d4 cxd4 4. Nxd4 Nf6 5. Nc3 a6 6. Bd3 e6 7. f4 Be7 8. O-O
Qb6 9. Be3 Qxb2 10. Na4 Qb4 11. c3 Qa5 12. Nf5 Nbd7 13. Nxe7 Kxe7 14. c4 b5 15.
e5 dxe5 16. fxe5 bxa4 17. exf6+ gxf6 18. Rb1 Rb8 19. Rxb8 Nxb8 20. Qb1 Nd7 21.
Qb2 a3 22. Qf2 Bb7 23. Rb1 Bc6 24. Bd2 Qe5 25. Bb4+ Ke8 26. Bxa3 Qc3 27. Rb3
Qa1+ 28. Rb1 Qc3 29. Rb3 Qa1+ 30. Rb1 Qe5 31. Bb2 Qd6 32. Bd4 Rg8 33. c5 Rxg2+
34. Qxg2 Qxd4+ 35. Qf2 Qxd3 0-1

[Event "Planas mem"]
[Site "Kelowna CAN"]
[Date "2006.08.12"]
[Round "1"]
[White "Tomashewski, Peter"]
[Black "Kindret, Mike"]
[Result "0-1"]
[WhiteElo "1764"]
[BlackElo "1640"]
[PlyCount "109"]
[EventDate "2006.08.12"]
[EventType "swiss"]
[EventRounds "5"]
[EventCountry "CAN"]
[Source "ChessBase"]
[SourceDate "2007.11.25"]

1. d4 Nf6 2. Nf3 g6 3. Bf4 Bg7 4. e3 O-O 5. Nbd2 c5 6. c3 d6 7. Bd3 Nc6 8. h3
a6 9. O-O b5 10. e4 cxd4 11. cxd4 Nd7 12. Be3 Bb7 13. Rc1 Rc8 14. a3 e6 15. g4
Ne7 16. Rxc8 Qxc8 17. Qb1 Qb8 18. Nh2 Rc8 19. f4 Qa7 20. Nhf3 e5 21. fxe5 dxe5
22. Rc1 exd4 23. Rxc8+ Nxc8 24. Bf2 Ne7 25. b4 Nc6 26. Qb3 Nf8 27. Ng5 Bc8 28.
Qd5 Qd7 29. Nb3 Ne6 30. Nxe6 fxe6 31. Qg5 e5 32. Nc5 Qe7 33. Qc1 Qd6 34. Qc2
Bf8 35. Qb3+ Kg7 36. Bb1 Qf6 37. Ba2 Bxc5 38. bxc5 Ne7 39. Qg3 g5 40. Qh2 Ng6
41. Bg3 Nf4 42. h4 h6 43. Qb2 Bxg4 44. Kh2 Ne2 45. Qb3 Kf8 46. Qg8+ Ke7 47.
Qh7+ Kd8 48. Qb7 Nxg3 49. Qd5+ Bd7 50. Kxg3 gxh4+ 51. Kg2 h3+ 52. Kg1 Qg7+ 53.
Kf1 h2 54. Qg8+ Qxg8 55. Bxg8 0-1

[Event "Planas mem"]
[Site "Kelowna CAN"]
[Date "2006.08.12"]
[Round "1"]
[White "Trochtchanovitch, Pavel"]
[Black "Marshall, Jim"]
[Result "1-0"]
[WhiteElo "1870"]
[BlackElo "1655"]
[PlyCount "65"]
[EventDate "2006.08.12"]
[EventType "swiss"]
[EventRounds "5"]
[EventCountry "CAN"]
[Source "ChessBase"]
[SourceDate "2007.11.25"]

1. e4 c5 2. Nf3 Nc6 3. d4 cxd4 4. Nxd4 g6 5. Be3 Bg7 6. c3 d6 7. Bc4 Nf6 8. f3
O-O 9. O-O Ne5 10. Bb3 Bd7 11. Nd2 Rc8 12. h3 Nd3 13. f4 Nc5 14. Bc2 e5 15.
N4f3 Nh5 16. f5 Ng3 17. Ng5 Nxf1 18. Nxf1 Bc6 19. Ng3 d5 20. Qe1 Nxe4 21. N3xe4
dxe4 22. fxg6 fxg6 23. Bb3+ Bd5 24. Rd1 Bxb3 25. Rxd8 Rcxd8 26. axb3 Rd3 27.
Qh4 h6 28. Qxe4 Rd1+ 29. Kh2 hxg5 30. Bxg5 Rf5 31. Be3 Re1 32. Qc4+ Kh7 33.
Qh4+ 1-0

[Event "Planas mem"]
[Site "Kelowna CAN"]
[Date "2006.08.12"]
[Round "2"]
[White "Banerji, Odette"]
[Black "Dendy, Niel"]
[Result "0-1"]
[WhiteElo "1227"]
[BlackElo "1832"]
[PlyCount "44"]
[EventDate "2006.08.12"]
[EventType "swiss"]
[EventRounds "5"]
[EventCountry "CAN"]
[Source "ChessBase"]
[SourceDate "2007.11.25"]

1. e4 e5 2. Nf3 Nc6 3. d4 exd4 4. Nxd4 Bc5 5. Nxc6 Qf6 6. Qf3 Qxc6 7. Nc3 d6 8.
Bb5 Bd7 9. Bxc6 Bxc6 10. Qd1 Nf6 11. Bg5 Nd7 12. Nd5 Bb6 13. Ne7 Ne5 14. Qe2 h6
15. Nxc6 Nxc6 16. Bd2 O-O-O 17. c3 Rhe8 18. Qg4+ Kb8 19. Qxg7 Ne5 20. Qg3 h5
21. h3 Rg8 22. Qf4 Nd3+ 0-1